Leadership and mission : (Record no. 115)
[ view plain ]
| 000 -LEADER | |
|---|---|
| fixed length control field | 01265cam a2200361 a 4500 |
| 001 - CONTROL NUMBER | |
| control field | 13842188 |
| 003 - CONTROL NUMBER IDENTIFIER | |
| control field | GBCCL |
| 005 - DATE AND TIME OF LATEST TRANSACTION | |
| control field | 20241126110330.0 |
| 008 - FIXED-LENGTH DATA ELEMENTS--GENERAL INFORMATION | |
| fixed length control field | 041026s2004 ii b 100 0 eng |
| 010 ## - | |
| -- | 2004312169 |
| 020 ## - INTERNATIONAL STANDARD BOOK NUMBER | |
| International Standard Book Number | 8172147937 |
| 025 ## - OVERSEAS ACQUISITION NUMBER | |
| Overseas acquisition number | I-E-2004-312169; 13 |
| 035 ## - SYSTEM CONTROL NUMBER | |
| System control number | (DLC) 2004312169 |
| 037 ## - SOURCE OF ACQUISITION | |
| Source of stock number/acquisition | Library of Congress -- New Delhi Overseas Office |
| Terms of availability | Rs225.00 ($18.00 U.S.) |
| 040 ## - CATALOGING SOURCE | |
| Original cataloging agency | DLC |
| Transcribing agency | DLC |
| Modifying agency | DLC |
| 042 ## - | |
| -- | lcode |
| 043 ## - | |
| -- | a-ii--- |
| 050 00 - | |
| -- | BV652.1 |
| -- | .L3965 2004 |
| 082 ## - DEWEY DECIMAL CLASSIFICATION NUMBER | |
| Classification number | 266.00954 |
| Item number | LEA |
| 245 00 - TITLE STATEMENT | |
| Title | Leadership and mission : |
| Remainder of title | papers from the 9th CMS consultation / |
| Statement of responsibility, etc. | edited by Mark T.B. Laing. |
| 260 ## - PUBLICATION, DISTRIBUTION, ETC. | |
| Place of publication, distribution, etc. | Delhi : |
| Name of publisher, distributor, etc. | CMS/ISPCK, |
| Date of publication, distribution, etc. | 2004. |
| 300 ## - PHYSICAL DESCRIPTION | |
| Extent | xiii, 285 p. ; |
| Dimensions | 23 cm. |
| 504 ## - BIBLIOGRAPHY, ETC. NOTE | |
| Bibliography, etc. note | Includes bibliographical references. |
| 520 ## - SUMMARY, ETC. | |
| Summary, etc. | Contributed seminar paper. |
| 650 #0 - SUBJECT ADDED ENTRY--TOPICAL TERM | |
| Topical term or geographic name entry element | Christian leadership |
| Form subdivision | Congresses. |
| 9 (RLIN) | 2226 |
| 650 #0 - SUBJECT ADDED ENTRY--TOPICAL TERM | |
| Topical term or geographic name entry element | Missions |
| Geographic subdivision | India |
| Form subdivision | Congresses. |
| 9 (RLIN) | 2227 |
| 651 #0 - SUBJECT ADDED ENTRY--GEOGRAPHIC NAME | |
| Geographic name | India |
| General subdivision | Church history |
| Chronological subdivision | 21st century |
| Form subdivision | Congresses. |
| 9 (RLIN) | 1052 |
| 700 1# - ADDED ENTRY--PERSONAL NAME | |
| Personal name | Laing, Mark T. B. |
| 9 (RLIN) | 2228 |
| 710 2# - ADDED ENTRY--CORPORATE NAME | |
| Corporate name or jurisdiction name as entry element | Union Biblical Seminary (Pune, India). |
| Subordinate unit | Centre for Mission Studies. |
| -- | Consultation. |
| 9 (RLIN) | 2229 |
| 906 ## - LOCAL DATA ELEMENT F, LDF (RLIN) | |
| a | 7 |
| b | cbc |
| c | origode |
| d | 3 |
| e | ncip |
| f | 20 |
| g | y-gencatlg |
| 942 ## - ADDED ENTRY ELEMENTS (KOHA) | |
| Source of classification or shelving scheme | Dewey Decimal Classification |
| Koha item type | Books |
| Koha issues (borrowed), all copies | 3 |
| Withdrawn status | Lost status | Source of classification or shelving scheme | Damaged status | Not for loan | Home library | Current Library | Shelving location | Date acquired | Total checkouts | Full call number | Barcode | Date last seen | Date last checked out | Copy number | Price effective from | Koha item type |
|---|---|---|---|---|---|---|---|---|---|---|---|---|---|---|---|---|
| Dewey Decimal Classification | GRACE BIBLE COLLEGE | GRACE BIBLE COLLEGE | Ministry & Mission | 2016-05-26 | 4 | 266.001 LEA | 006774 | 2025-09-26 | 2025-09-25 | c.1 | 2016-05-26 | Books |